| 000 | 00762pam a2200241 4500 | ||
|---|---|---|---|
| 999 |
_c9994 _d9994 |
||
| 001 | 788654 | ||
| 003 | GBCCL | ||
| 005 | 20241126110723.0 | ||
| 008 | 740620s1974 nju 000 0aeng | ||
| 010 | _a 74012155 | ||
| 020 | _a0912376082 | ||
| 040 |
_aDLC _cDLC _dDLC |
||
| 050 | 0 | 0 |
_aBV4470 _b.W48 |
| 082 | 0 | 0 |
_a259 _bWIL |
| 100 | 1 |
_aWilkerson, David, _d1931-2011. _91605 |
|
| 245 | 1 | 0 |
_aBeyond the cross and the switchblade _c[by] David Wilkerson. Special introd. by John and Elizabeth Sherrill. |
| 260 |
_aLondon : _bHodder and Stoughton, _c[1975] |
||
| 300 |
_a190 p. _c21 cm. |
||
| 600 | 1 | 0 |
_aWilkerson, David, _d1931-2011. _91605 |
| 650 | 0 |
_aChurch work with drug addicts. _99443 |
|
| 906 |
_a7 _bcbc _corignew _d1 _eocip _f19 _gy-gencatlg |
||
| 942 |
_2ddc _cBK |
||